Normal view
MARC view
- Cooper , Kenneth .G
Entry Personal Name
001 - CONTROL NUMBER
- control field: 59376
003 - CONTROL NUMBER IDENTIFIER
- control field: NUST
005 - DATE AND TIME OF LATEST TRANSACTION
- control field: 20210628202329.0
008 - FIXED-LENGTH DATA ELEMENTS
- fixed length control field: 210628|| aca||aabn | a|a d
040 ## - CATALOGING SOURCE
- Original cataloging agency: NUST
- Transcribing agency: NUST
100 ## - HEADING--PERSONAL NAME
- Personal name: Cooper , Kenneth .G
670 ## - SOURCE DATA FOUND
- Source citation: Work cat.: (NUST): Cooper , Kenneth .G, Rapid prototyping technology selection and applicaiton, 2001
